00345nam a2200145Ia 4500008004100000020001800041082000800059100001800067245003000085250000600115260002500121300001500146500002400161650001400185230524s9999 xx 000 0 und d a9780071074391 bLIN a"Lingaiah, K" 0aMachine Design Data Book  a2 aNew DelhibTMHc2010 a1.1;1.26p. aQuantity Number: 2 aMechanics